000 01028nam0a22003011 4500
001 rc\2256222
005 20250623100534.0
035 _a(NLR Aleph) 006714048
090 _a5373346
_c5373346
100 _a20110829d1978 |||y0rusy50 ca
101 0 _arus
102 _aRU
105 _aa z |||||
200 1 _aНаучная организация труда в строительстве
205 _a2-е изд., перераб. и доп.
210 _aМосква
_cСтройиздат
_d1978
215 _a207 с.
_cил.
_d20
320 _aСписок лит.: с. 206
606 _aСтроительные работы
_xОрганизация труда
_2psbo
700 1 _aКириллов
_bН.Н.
_gНиколай Николаевич
701 1 _aКириллов
_bГ.Н.
_gГеоргий Николаевич
801 0 _aRU
_bNLR
_gpsbo
801 1 _aRU
_bELAR
_2rusmarc
852 _aNLR
_j78-3/4297
899 _aRuMoRGB
_jБ 78-21/1367
899 _aRuMoRGB
_jБ 78-21/1368
942 _cBOOK
980 _aNB